Score 0/10 Timer 10:00
0 Plays Today
Rank Player % Correct
1Tim Duncan
100%
2David Robinson
97.8%
4Tony Parker
96.7%
5Manu Ginobili
96.7%
3George Gervin
91.3%
9Kawhi Leonard
82.6%
7Sean Elliott
58.7%
10Avery Johnson
55.4%
6Mike Mitchell
30.4%
8Larry Kenon
25%
Remove Ads.
Support Sporcle.
Get the best of Sporcle when you Go Orange. This ad-free experience offers more features, more stats, and more fun while also helping to support Sporcle. Thank you for becoming a member.

You're not logged in!

Compare scores with friends on all Sporcle quizzes.
OR
Log In

Show Comments

Extras

Top Quizzes Today


Score Distribution

Your Account Isn't Verified!

In order to create a playlist on Sporcle, you need to verify the email address you used during registration. Go to your Sporcle Settings to finish the process.

Report this User

Report this user for behavior that violates our Community Guidelines.

Details: